| 000 | 00512nam a2200133Ia 4500 | ||
|---|---|---|---|
| 008 | 231129s2005||||xx |||||||||||||| ||spa|| | ||
| 020 | _a958-8236-41-X | ||
| 040 | _bspa | ||
| 082 | _a371.32 T355 | ||
| 245 | 0 | _aEl texto escolar y las mediaciones didácticas y cognitivas: Informe del proyecto "Uso de los libros de texto de ciencias sociales e historia en grado 7o. de la educación básica secundaria en Colombia" | |
| 260 | _c2005 | ||
| 264 | _aPapiro | ||
| 942 |
_2ddc _cBKS |
||
| 999 |
_c12547 _d12547 |
||